000 00305nam a22001337a 4500
003 SGT
020 _a978-07-619-9459-6
082 _a150.954
_bP01P
100 _aPANDEY, JANAK
245 _aPSYCHOLOGY IN INDIA REVISITED VOL-2
260 _aLOS ANGELES
_bSAGE
_c2001
300 _a502
942 _2ddc
_cBK
999 _c18089
_d18089